Na šírom mori jednoaktovka

Bibliographic Details
Main Authors: Mrożek, Sławomir, 1930-2013 (Author), Zawadska, Zofia (Author), Maciejewska, Wanda (Author)
Other Authors: Vdovják, Ján, 1928-2007 (Translator), Mrázik, Jozef (Translator)
Format: Book
Language:Slovak
Polish
Published: Bratislava Diliza 1963
Subjects:

MARC

LEADER 00000nam a2200000 a 4500
001 vtls008338226
003 SK-MaSNL
005 20260302041406.0
008 181128s1963 xo 000 slo
015 |a SKSNBA1963/07-01479 
035 |a SK01SNK19630030443 
035 |a SKM000032906 
040 |a SNK  |b slo  |c SNK  |e AACR2 
041 1 |a slo  |h pol 
044 |a xo  |c SK 
080 |a 884-25  |2 1981 
100 1 |a Mrożek, Sławomir,  |d 1930-2013  |4 aut  |9 157362 
245 1 0 |a Na šírom mori  |b jednoaktovka  |c Slavomír Mrozek ; prel. Jozef Mrázik - Zofia Zawadska a Wanda Maciejewska: List od Ireny, prel. Ján Vdovjak 
260 |a Bratislava  |b Diliza  |c 1963 
300 |a 59 s. [1] s.  |c 8° 
650 0 7 |a hry divadelné poľské  |2 SNK  |9 308461 
655 7 |a AUO  |2 SNKPH  |9 532359 
700 1 |a Zawadska, Zofia  |4 aut  |9 692893 
700 1 |a Maciejewska, Wanda  |4 aut  |9 692894 
700 1 |a Vdovják, Ján,  |d 1928-2007  |4 trl  |9 18521 
700 1 |a Mrázik, Jozef  |4 trl  |9 273453 
852 |a Slovenská národná knižnica v Martine  |b 10000  |h SD 23792 
958 |a OND 
958 |a TL 
958 |a PL 
958 |a UP 
958 |a LX 
958 |a RK 
999 |c 1078621  |d 1080551 
952 |a SNK  |b SNK  |y VYP  |7 0  |p 17A1149031  |o snkSD 23792 D1  |i snkK 1154/68  |8 3  |0 0  |1 0  |4 0  |d 2015-10-29  |l 0  |r 2026-02-24 16:17:57  |w 2026-02-24